[Event "Cheliabinsk Region-ch op"]
[Site "Cheliabinsk"]
[Date "2008.08.28"]
[Round "9"]
[White "Simonova, Tatiana"]
[Black "Sevastyanova, Nadezhda"]
[Result "1/2-1/2"]
[WhiteElo "1969"]
[BlackElo "1748"]
[PlyCount "48"]
[EventDate "2008.08.03"]
[EventType "swiss"]
[EventRounds "9"]
[EventCountry "RUS"]
[SourceTitle "EXT 2022"]
[Source "ChessBase"]
[SourceDate "2021.10.06"]
[SourceVersion "1"]
[SourceVersionDate "2021.10.06"]
[SourceQuality "1"]

1. c4 e5 2. Nc3 d6 3. g3 Bd7 4. Bg2 Bc6 5. Bxc6+ Nxc6 6. e3 Nf6 7. Nge2 Be7 8. a3 a6 9. b4 0-0 10. Bb2 Rb8 11. Nd5 Nxd5 12. cxd5 Na7 13. 0-0 Qd7 14. e4 c6 15. Qb3 Kh8 16. d4 f6 17. dxc6 bxc6 18. Qc4 d5 19. exd5 cxd5 20. Qd3 e4 21. Qd2 Qg4 22. Rac1 Nb5 23. Nf4 Qf5 24. Rc6 Ra8 1/2-1/2

[Event "Cheliabinsk Region-ch op"]
[Site "Cheliabinsk"]
[Date "2008.08.19"]
[Round "5"]
[White "Matiushinsky, Vladimir"]
[Black "Sevastyanova, Nadezhda"]
[Result "0-1"]
[WhiteElo "2053"]
[BlackElo "1748"]
[PlyCount "60"]
[EventDate "2008.08.03"]
[EventType "swiss"]
[EventRounds "9"]
[EventCountry "RUS"]
[SourceTitle "EXT 2022"]
[Source "ChessBase"]
[SourceDate "2021.10.06"]
[SourceVersion "1"]
[SourceVersionDate "2021.10.06"]
[SourceQuality "1"]

1. e4 c5 2. Nf3 Nc6 3. d4 cxd4 4. Nxd4 e5 5. Nf3 Bb4+ 6. c3 Be7 7. Be3 Nf6 8. Bd3 d5 9. Nbd2 Ng4 10. exd5 Nxe3 11. fxe3 Qxd5 12. Bc2 Qc5 13. Qe2 0-0 14. 0-0 Be6 15. Qd3 f5 16. Qe2 f4 17. Rfe1 Qxe3+ 18. Qxe3 fxe3 19. Nb3 Kh8 20. Kh1 Bxb3 21. Bxb3 Bc5 22. Rad1 Rf6 23. Rd7 Raf8 24. Bc2 Rf4 25. b4 Bb6 26. h3 e4 27. Ng1 Rf1 28. Rxf1 Rxf1 29. Kh2 Rxg1 30. Kxg1 e2+ 0-1

[Event "Cheliabinsk Region-ch op"]
[Site "Cheliabinsk"]
[Date "2008.08.03"]
[Round "1"]
[White "Sevastyanova, Nadezhda"]
[Black "Nikolenko, Vadim"]
[Result "0-1"]
[WhiteElo "1748"]
[BlackElo "2234"]
[PlyCount "60"]
[EventDate "2008.08.03"]
[EventType "swiss"]
[EventRounds "9"]
[EventCountry "RUS"]
[SourceTitle "EXT 2022"]
[Source "ChessBase"]
[SourceDate "2021.10.06"]
[SourceVersion "1"]
[SourceVersionDate "2021.10.06"]
[SourceQuality "1"]

1. e4 c5 2. c4 Nc6 3. b3 Nf6 4. Nc3 e6 5. f4 d6 6. Nf3 Be7 7. Bd3 0-0 8. Bb2 d5 9. e5 Nh5 10. g3 Nb4 11. Be2 dxc4 12. bxc4 Nd3+ 13. Bxd3 Qxd3 14. Qe2 Qd7 15. 0-0-0 b5 16. cxb5 a6 17. a4 axb5 18. axb5 Bb7 19. Rhf1 c4 20. Ng1 g6 21. Qxc4 Rfc8 22. Qe2 Qd5 23. Kb1 Qb3 24. g4 Ng7 25. Qd3 Bd5 26. Kc1 Qb4 27. Rde1 Bc4 28. Qd4 Qb3 29. Rf3 Ra2 30. Nxa2 Bd3+ 0-1

[Event "Cheliabinsk-ch (Women)"]
[Site "Cheliabinsk"]
[Date "2008.01.22"]
[Round "8"]
[White "Sevastyanova, Nadezhda"]
[Black "Khafizova, Yana"]
[Result "0-1"]
[WhiteElo "1780"]
[BlackElo "1956"]
[PlyCount "58"]
[EventDate "2008.01.10"]
[EventType "tourn"]
[EventRounds "11"]
[EventCountry "RUS"]
[SourceTitle "EXT 2010"]
[Source "ChessBase"]
[SourceDate "2010.11.25"]
[SourceVersion "1"]
[SourceVersionDate "2010.11.25"]
[SourceQuality "1"]

1. e4 e5 2. Nf3 Nc6 3. Bc4 Nf6 4. d3 Be7 5. 0-0 d6 6. a3 Bg4 7. h3 Bh5 8. c3 0-0 9. Be3 d5 10. exd5 Nxd5 11. Nbd2 Nxe3 12. fxe3 Na5 13. Qc2 Bxf3 14. Nxf3 Nxc4 15. dxc4 Bc5 16. Rfe1 Re8 17. b4 Bf8 18. Rad1 Qe7 19. e4 Qe6 20. c5 a5 21. Rd5 f6 22. Red1 axb4 23. axb4 b6 24. Rd7 bxc5 25. Rxc7 cxb4 26. c4 Qb6+ 27. c5 Qxc7 28. c6 Qb6+ 29. Kh1 b3 0-1

[Event "Cheliabinsk-ch (Women)"]
[Site "Cheliabinsk"]
[Date "2008.01.17"]
[Round "5"]
[White "Mikleeva, Ais"]
[Black "Sevastyanova, Nadezhda"]
[Result "1-0"]
[WhiteElo "1940"]
[BlackElo "1780"]
[PlyCount "47"]
[EventDate "2008.01.10"]
[EventType "tourn"]
[EventRounds "11"]
[EventCountry "RUS"]
[SourceTitle "EXT 2010"]
[Source "ChessBase"]
[SourceDate "2010.11.25"]
[SourceVersion "1"]
[SourceVersionDate "2010.11.25"]
[SourceQuality "1"]

1. d4 d5 2. c4 e6 3. Nc3 Bb4 4. Nf3 Bxc3+ 5. bxc3 a6 6. cxd5 Qxd5 7. Qc2 Nf6 8. c4 Qa5+ 9. Bd2 Qh5 10. e3 0-0 11. Bd3 Bd7 12. 0-0 Bc6 13. e4 Ng4 14. h3 Nf6 15. Bg5 Qg6 16. d5 exd5 17. exd5 Qh5 18. dxc6 Nxc6 19. Bxf6 gxf6 20. Be2 Qc5 21. Qc3 Ne5 22. Nxe5 Qxe5 23. Qxe5 fxe5 24. Bf3 1-0